Em qual time esses jogadores brasileiros começaram suas carreiras? - Statistics

Estatísticas Gerais
  • Esse quiz foi jogado 257 vezes
  • A pontuação média é 16 de 30
Estatísticas das Respostas
Jogador Time atual Primeiro time % Correto
Vinicius Júnior Real Madrid Flamengo
100%
Neymar PSG Santos
100%
Gabriel Jesus Manchester City Palmeiras
98%
Gerson Olympique de Marseille Fluminense
95%
Casemiro Real Madrid São Paulo
94%
Marquinhos PSG Corinthians
93%
Alisson Becker Liverpool Internacional
93%
Everton Cebolinha Benfica Grêmio
92%
Dudu Palmeiras Cruzeiro
81%
Bernard Sharjah Atlético Mineiro
79%
Anderson Talisca Al-Nassr Bahia
77%
Roberto Firmino Liverpool Figueirense
69%
Hulk Atlético Mineiro Vitória
69%
Raphael Veiga Palmeiras Coritiba
63%
Richarlison Everton América Mineiro
57%
Arthur Cabral Fiorentina Ceará
56%
Gabriel Martinelli Arsenal Ituano
53%
Alex Telles Manchester United Juventude
46%
Gabriel Magalhães Arsenal Avaí
42%
Douglas Luiz Aston Villa Vasco da Gama
41%
Emerson Royal Tottenham Hotspur Ponte Preta
37%
Edenílson Internacional Caxias do Sul
22%
Bruno Guimarães Newcastle United Audax
20%
Lucas Piazon Botafogo Chelsea
15%
Ricardo Goulart Santos Santo André
14%
Rafael da Silva Botafogo Manchester United
13%
Ederson Manchester City Ribeirão
7%
Luiz Gustavo Fenerbahçe Corinthians Alagoano
5%
Rafael Alcantra Real Sociedad Barcelona B
4%
Matheus Cunha Atlético de Madrid Sion
4%
Nenhum quiz correspondente encontrado
Distribuição das Pontuações
Porcentagem de Pessoas com Cada Pontuação
Percentil de Números Respondidos
Sua Pontuação Histórica
Você não jogou esse quiz